Fr. Conceicao Rodrigues College of Engineering

Properties And Selection of Tool Materials (Record no. 20163)

MARC details
000 -LEADER
fixed length control field 00329nam a2200133Ia 4500
082 ## - DEWEY DECIMAL CLASSIFICATION NUMBER
Classification number 671
100 ## - MAIN ENTRY--PERSONAL NAME
Personal name Metals Hand Book Committee
245 ## - TITLE STATEMENT
Title Properties And Selection of Tool Materials
260 ## - PUBLICATION, DISTRIBUTION, ETC.
Name of publisher, distributor, etc. A.S for Metals
Place of publication, distribution, etc. Ohio
Date of publication, distribution, etc. 1975
300 ## - PHYSICAL DESCRIPTION
Extent 314
546 ## - LANGUAGE NOTE
Language note ENGLISH
654 ## - SUBJECT ADDED ENTRY--FACETED TOPICAL TERMS
Focus term Properties of Tool Materials
942 ## - ADDED ENTRY ELEMENTS (KOHA)
Koha item type Reference Book
Holdings
Withdrawn status Lost status Damaged status Not for loan Collection Home library Current library Shelving location Date acquired Source of acquisition Cost, normal purchase price Inventory number Total Checkouts Full call number Barcode Date last seen Cost, replacement price Price effective from Koha item type
        AFT Fr. Agnel's C.Rodrigues College of Engineering Fr. Agnel's C.Rodrigues College of Engineering   17/03/2023 BBB 441.00 42   671 AFT3647 17/03/2023 441.00 17/03/2023 Reference Book